| 000 | 01344nam a2200337 a 4500 | ||
|---|---|---|---|
| 001 | 000007577 | ||
| 003 | DO-SdBNP | ||
| 005 | 20260521073716.0 | ||
| 008 | 090909s2008 dr ac r 001 0 spa d | ||
| 020 | _a9789945422139 | ||
| 040 |
_aDO-SdBNP _bspa _cBNPHU |
||
| 082 | 4 |
_a633.71 _bC531t |
|
| 100 | 1 |
_aChez Checo, José, _d1949- _910145 |
|
| 245 | 1 | 3 |
_aEl tabaco : _bhistoria general en República Dominicana / _cJosé Chez Checo, Mu-kien Adriana Sang ; presentación Fernando A. León. |
| 260 |
_aSanto Domingo : _bGrupo León Jimenes, _c2008. |
||
| 300 |
_a3 v : _bil. ; _c31 cm. |
||
| 490 | 1 | _aCentenario | |
| 500 | _aIncluye índice onomástico | ||
| 504 | _aBibliografía : p. 306-324 | ||
| 505 | 2 | _av.1 Botánica, usos y comercio : sociedad taína 1900 -- v.2 Renacimiento y expanción 1901-1961 -- v.3 consolidación y crisis 1961-2000 | |
| 590 | _aInventariado, 2018/BT | ||
| 650 | 4 |
_aTabaco _xHistoria _zRepública Dominicana _921025 |
|
| 650 | 4 |
_aVegueros y tabaqueros _xHistoria _zRepública Dominicana _921026 |
|
| 650 | 4 |
_aIndustria tabacalera _xRepública dominicana _921027 |
|
| 650 | 4 |
_aTabaco _xCultivo _921028 |
|
| 700 | 1 |
_aSang, Mu-Kien A. _d1955- _q(Mu-Kien Adriana) _9331 |
|
| 700 | 1 |
_aLeón, Fernando A. _921029 |
|
| 830 | 0 |
_aCentenario _914767 |
|
| 910 | _aValidado. Control de calidad. MMOLINA | ||
| 942 |
_2ddc _cLBS1 |
||
| 999 |
_c7357 _d7357 |
||